| 000 -ლიდერი |
| ფიქსირებული სიგრძის საკონტროლო ველი |
01681nam a2200277Ia 4500 |
| 001 - საკონტროლო ნომერი |
| საკონტროლო ველი |
23623 |
| 003 - საკონტროლო ნომრის იდენტიფიკატორი |
| საკონტროლო ველი |
GE_BSU |
| 005 - ბოლო ოპერაციის თარიღი და დრო |
| საკონტროლო ველი |
20260309152616.0 |
| 008 - ფიქსირებული სიგრძის მონაცემთა ელემენტები - ზოგადი ინფორმაცია |
| ფიქსირებული სიგრძის საკონტროლო ველი |
181216s1965||||ge |||||||||||||| ||geo|| |
| 040 ## - კატალოგიზაციის წყარო |
| Transcribing agency |
GE_BSU |
| 041 ## - ენის კოდი |
| Language code of text/sound track or separate title |
geo |
| 080 ## - უნივერსალური ათობითი კლასიფიკაციის ინდექსი |
| Universal Decimal Classification number |
94(438:479.22)"14/16 ც-66 |
| 100 ## - მთავარი ჩანაწერი - პიროვნების სახელი |
| Personal name |
ცინცაძე, ი. |
| 9 (RLIN) |
18922 |
| 245 ## - ცნობა სათაურის შესახებ |
| Title |
მასალები პოლონეთისა და საქართველოს ურთიერთობის ისტორიისათვის : |
| Remainder of title |
XV-XVII საუკუნეები / |
| Statement of responsibility, etc |
ი. ცინცაძე ; რედ. : ნ. ფავლენიშვილი ; მხატვ. : ი. მჭედლიშვილი. |
| 264 ## - წარმოების, გამოცემის, დისტრიბუციის და სხვა ცნობები |
| გამოცემის, წარმოების, დისტრიბუციის... ადგილი |
თბილისი : |
| გამოცემის, წარმოების, დისტრიბუციის... სახელწოდება |
საბჭ. საქართველო, |
| გამოცემის, წარმოების, დისტრიბუციის... თარიღი |
1965. |
| 300 ## - ფიზიკური აღწერა |
| Extent |
114 გვ. : |
| Other physical details |
ილ. ; |
| Dimensions |
20 სმ. |
| 500 ## - ზოგადი შენიშვნა |
| General note |
ტექსტის მცირე ნაწილი რუსულ ენაზე |
| 520 ## - SUMMARY, ETC. |
| Summary, etc |
ტექსტის მცირე ნაწილი რუს. ენ.. |
| 653 ## - INDEX TERM--UNCONTROLLED |
| Uncontrolled term |
ისტორია |
| 653 ## - INDEX TERM--UNCONTROLLED |
| Uncontrolled term |
მასალები პოლონეთისა და საქართველოს ურთიერთობის ისტორიისათვის : XV-XVII საუკუნეები. |
| 653 ## - INDEX TERM--UNCONTROLLED |
| Uncontrolled term |
პოლონეთ-საქართველოს ურთიერთობის ისტორია, XV-XVII ს.ს. |
| 700 ## - ADDED ENTRY--PERSONAL NAME |
| Personal name |
ფავლენიშვილი, ნ. |
| Relator term |
რედაქტორი |
| 9 (RLIN) |
3115 |
| 700 ## - ADDED ENTRY--PERSONAL NAME |
| Personal name |
მჭედლიშვილი, ი. |
| Relator term |
მხატვარი |
| 9 (RLIN) |
4853 |
| 942 ## - ADDED ENTRY ELEMENTS (KOHA) |
| Koha item type |
წიგნი |
| Source of classification or shelving scheme |
|